[Event "Hamburg CupT"]
[Site "Hamburg"]
[Date "2012.02.18"]
[Round "1.1"]
[White "Reddmann, Hauke"]
[Black "Feddersen, Berend"]
[Result "1-0"]
[WhiteElo "2212"]
[BlackElo "1944"]
[PlyCount "75"]
[EventDate "2012.02.18"]
[EventType "team-k.o."]
[EventRounds "4"]
[EventCountry "GER"]
[SourceTitle "EXT 2022"]
[Source "ChessBase"]
[SourceDate "2021.10.06"]
[SourceVersion "1"]
[SourceVersionDate "2021.10.06"]
[SourceQuality "1"]
[WhiteTeam "Wilhelmsburg"]
[BlackTeam "Volksdorf"]
[WhiteTeamCountry "GER"]
[BlackTeamCountry "GER"]

1. d4 Nf6 2. Bg5 g6 3. Bxf6 exf6 4. e3 Bg7 5. Nf3 d6 6. c4 0-0 7. Nc3 Nc6 8. g3 Bg4 9. Bg2 Re8 10. 0-0 Qd7 11. Qb3 Rab8 12. Nd5 Ne7 13. Rac1 c6 14. Nxe7+ Rxe7 15. Nd2 Bh3 16. Rfd1 Bxg2 17. Kxg2 Rbe8 18. Nf3 Bh6 19. Rd3 Qf5 20. Qd1 Qe4 21. Rcc3 g5 22. h3 Bg7 23. Kh2 Qf5 24. Rd2 h5 25. Ra3 b6 26. Ne1 g4 27. Ng2 Bh6 28. Nh4 Qe4 29. Qc2 Qxc2 30. Rxc2 Bf8 31. Ra6 Rb7 32. Ng2 Bh6 33. c5 dxc5 34. dxc5 Rc8 35. cxb6 axb6 36. hxg4 hxg4 37. Rc4 f5 38. Nh4 1-0

[Event "Hamburg Daehne Cup"]
[Site "Hamburg"]
[Date "2011.09.10"]
[Round "3.2"]
[White "Feddersen, Berend"]
[Black "Dietz, Juergen"]
[Result "0-1"]
[WhiteElo "1913"]
[BlackElo "2133"]
[PlyCount "80"]
[EventDate "2011.09.03"]
[EventType "k.o."]
[EventRounds "4"]
[EventCountry "GER"]
[SourceTitle "EXT 2022"]
[Source "ChessBase"]
[SourceDate "2021.10.06"]
[SourceVersion "1"]
[SourceVersionDate "2021.10.06"]
[SourceQuality "1"]

1. d4 f5 2. Bf4 Nf6 3. e3 e6 4. Nf3 b6 5. Bc4 Bb7 6. Nbd2 Be7 7. h3 0-0 8. Qe2 c5 9. dxc5 bxc5 10. c3 Nc6 11. Ba6 Qb6 12. Bxb7 Qxb7 13. Nc4 Ne4 14. 0-0 Qa6 15. Rfe1 d6 16. Ncd2 Qxe2 17. Rxe2 Rab8 18. Nxe4 fxe4 19. Nh2 h5 20. Nf1 Rb6 21. Rd1 d5 22. Bh2 c4 23. Rc2 Ra6 24. a3 Na5 25. Ng3 g6 26. Ne2 Nb3 27. Be5 Nc5 28. Nf4 Kf7 29. f3 exf3 30. Rf2 Nd7 31. Bd4 g5 32. Nxh5 Kg6 33. g4 e5 34. Bxa7 Rxa7 35. Rxd5 Bc5 36. Kf1 Bxe3 37. Rc2 Kf7 38. Ng3 Ke6 39. Rb5 Rh8 40. Nf5 Bf4 0-1

[Event "Hamburg Daehne Cup"]
[Site "Hamburg"]
[Date "2011.09.04"]
[Round "2.1"]
[White "Feddersen, Berend"]
[Black "Thomaschke, Dirk"]
[Result "1-0"]
[WhiteElo "1913"]
[BlackElo "2115"]
[PlyCount "85"]
[EventDate "2011.09.03"]
[EventType "k.o."]
[EventRounds "4"]
[EventCountry "GER"]
[SourceTitle "EXT 2022"]
[Source "ChessBase"]
[SourceDate "2021.10.06"]
[SourceVersion "1"]
[SourceVersionDate "2021.10.06"]
[SourceQuality "1"]

1. d4 d5 2. Bf4 Nf6 3. e3 e6 4. Nf3 Be7 5. Bd3 c5 6. c3 0-0 7. Nbd2 b6 8. Ne5 Bb7 9. Qf3 Nbd7 10. 0-0 a5 11. Rfe1 c4 12. Bc2 b5 13. Qh3 b4 14. Nxd7 Qxd7 15. Be5 g6 16. e4 Rfc8 17. Re3 Nh5 18. g4 Ng7 19. Qh6 Bf8 20. Rh3 Nh5 21. Qe3 Ng7 22. Nf3 Qe7 23. Re1 f6 24. Bg3 dxe4 25. Bxe4 Bxe4 26. Qxe4 Qd7 27. Bh4 f5 28. Qf4 bxc3 29. bxc3 Rab8 30. Bf6 Bd6 31. Ne5 Bxe5 32. Bxe5 Rb7 33. Bxg7 Qxg7 34. Rhe3 fxg4 35. Qxg4 Rf8 36. Qxe6+ Kh8 37. Qxc4 Qf6 38. Qe2 Qf5 39. Re5 Qf4 40. Rxa5 Rbf7 41. Qe5+ Qxe5 42. Raxe5 Rxf2 43. Re8 1-0

[Event "Hamburg Seniors op 12th"]
[Site "Hamburg"]
[Date "2005.11.02"]
[Round "6"]
[White "Jonuscheit, Walter"]
[Black "Feddersen, Berend"]
[Result "0-1"]
[WhiteElo "1543"]
[BlackElo "1933"]
[PlyCount "31"]
[EventDate "2005.10.28"]
[EventType "swiss"]
[EventRounds "9"]
[EventCountry "GER"]
[SourceTitle "EXT 2007"]
[Source "ChessBase"]
[SourceDate "2006.11.23"]
[SourceVersion "1"]
[SourceVersionDate "2006.11.23"]
[SourceQuality "1"]

1. e4 d6 2. d4 Nf6 3. Nc3 g6 4. Be3 Bg7 5. Qd2 0-0 6. Bh6 Nc6 7. Bxg7 Kxg7 8. Be2 e5 9. Nf3 exd4 10. Nxd4 Re8 11. f3 d5 12. Nxd5 Nxd5 13. Nxc6 bxc6 14. exd5 Ba6 15. c4 Qh4+ 16. g3 0-1

[Event "Hamburg Seniors op 12th"]
[Site "Hamburg"]
[Date "2005.10.29"]
[Round "2"]
[White "Raedeker, Bernd"]
[Black "Feddersen, Berend"]
[Result "1-0"]
[WhiteElo "2133"]
[BlackElo "1933"]
[PlyCount "59"]
[EventDate "2005.10.28"]
[EventType "swiss"]
[EventRounds "9"]
[EventCountry "GER"]
[SourceTitle "EXT 2007"]
[Source "ChessBase"]
[SourceDate "2006.11.23"]
[SourceVersion "1"]
[SourceVersionDate "2006.11.23"]
[SourceQuality "1"]

1. d4 Nf6 2. c4 d6 3. Nc3 g6 4. e4 Bg7 5. f3 0-0 6. Be3 Nbd7 7. Qd2 c5 8. d5 Qa5 9. Nh3 Ne5 10. Nf2 Qb4 11. Nd3 Nxd3+ 12. Bxd3 Nd7 13. Rc1 Ne5 14. b3 Nxd3+ 15. Qxd3 f5 16. 0-0 f4 17. Bd2 Qb6 18. Ne2 g5 19. h4 h6 20. hxg5 hxg5 21. Kf2 e5 22. dxe6 Bxe6 23. Rh1 Kf7 24. Bc3 Rh8 25. Bxg7 Rxh1 26. Rxh1 Kxg7 27. e5 dxe5 28. Qh7+ Kf8 29. Qh8+ Bg8 30. Rh6 1-0

[Event "GER Seniors Derby 03rd"]
[Site "Undeloh"]
[Date "2004.04.18"]
[Round "7"]
[White "Rada, Klaus"]
[Black "Feddersen, Berend"]
[Result "1/2-1/2"]
[WhiteElo "1631"]
[BlackElo "1786"]
[PlyCount "39"]
[EventDate "2004.04.15"]
[EventType "swiss"]
[EventRounds "7"]
[EventCountry "GER"]
[SourceTitle "EXT 2006"]
[Source "ChessBase"]
[SourceDate "2005.11.24"]
[SourceVersion "1"]
[SourceVersionDate "2005.11.24"]
[SourceQuality "1"]

1. Nf3 d6 2. d4 Nf6 3. g3 g6 4. Bg2 Bg7 5. 0-0 0-0 6. c3 Nbd7 7. Nbd2 c5 8. dxc5 Nxc5 9. Nb3 Nxb3 10. axb3 a6 11. b4 Rb8 12. Re1 Bd7 13. Qc2 Qc7 14. e4 e5 15. Bd2 Rbd8 16. Rad1 d5 17. exd5 Nxd5 18. Qb3 Nb6 19. Be3 Nc4 20. Bc5 1/2-1/2

[Event "GER Seniors Derby 03rd"]
[Site "Undeloh"]
[Date "2004.04.17"]
[Round "5"]
[White "Simon, Goetz Jochen"]
[Black "Feddersen, Berend"]
[Result "1-0"]
[WhiteElo "1643"]
[BlackElo "1786"]
[PlyCount "127"]
[EventDate "2004.04.15"]
[EventType "swiss"]
[EventRounds "7"]
[EventCountry "GER"]
[SourceTitle "EXT 2006"]
[Source "ChessBase"]
[SourceDate "2005.11.24"]
[SourceVersion "1"]
[SourceVersionDate "2005.11.24"]
[SourceQuality "1"]

1. e4 d6 2. d4 Nf6 3. Nc3 g6 4. Nf3 Bg7 5. Be2 0-0 6. 0-0 Nbd7 7. h3 c5 8. Be3 a6 9. a4 cxd4 10. Nxd4 Nc5 11. Bf3 Bd7 12. Qd2 Re8 13. b4 Ne6 14. Nxe6 Bxe6 15. e5 Nd7 16. Bxb7 Rb8 17. Bxa6 Rxb4 18. Rab1 Rxb1 19. Rxb1 Nxe5 20. f4 Nd7 21. Bb5 Qc7 22. Nd5 Qb7 23. c4 Nc5 24. Qd1 Rc8 25. Bc6 Qa7 26. Rb7 Qa6 27. Nxe7+ Kf8 28. Bxc5 dxc5 29. Nxc8 Bd4+ 30. Kh1 Qxc6 31. Rb8 Bxc8 32. Qb3 Ke7 33. a5 Bxh3 34. Qxh3 Qc7 35. Rb1 Qxa5 36. Qxh7 Qc7 37. Re1+ Kf8 38. Qh6+ Bg7 39. Qg5 Qa5 40. Qe7+ Kg8 41. Qe8+ Kh7 42. Re3 Qa1+ 43. Kh2 Qf6 44. Rh3+ Bh6 45. Qe5 Qxe5 46. fxe5 Kg7 47. Kg3 Be3 48. Kf3 Bd4 49. Ke4 Bf2 50. Rd3 f5+ 51. exf6+ Kf7 52. Rd6 Bh4 53. Kd5 Bf2 54. Rc6 g5 55. Rxc5 Kxf6 56. Rc8 Ke7 57. g4 Bg3 58. c5 Kd7 59. Rg8 Bf4 60. Rg7+ Kc8 61. Kc6 Kb8 62. Kb6 Kc8 63. Rg8+ Kd7 64. c6+ 1-0

[Event "GER Seniors Derby 03rd"]
[Site "Undeloh"]
[Date "2004.04.16"]
[Round "3"]
[White "Weigend, Joachim"]
[Black "Feddersen, Berend"]
[Result "1/2-1/2"]
[WhiteElo "1913"]
[BlackElo "1786"]
[PlyCount "35"]
[EventDate "2004.04.15"]
[EventType "swiss"]
[EventRounds "7"]
[EventCountry "GER"]
[SourceTitle "EXT 2006"]
[Source "ChessBase"]
[SourceDate "2005.11.24"]
[SourceVersion "1"]
[SourceVersionDate "2005.11.24"]
[SourceQuality "1"]

1. c4 Nf6 2. Nc3 c5 3. g3 Nc6 4. Bg2 g6 5. Nf3 Bg7 6. 0-0 d5 7. cxd5 Nxd5 8. Nxd5 Qxd5 9. d3 0-0 10. Nd2 Qh5 11. Re1 Bg4 12. Nf3 Rab8 13. Rb1 Nd4 14. Nxd4 cxd4 15. b3 b5 16. Qd2 e5 17. f3 Bc8 18. Qg5 1/2-1/2